[Event "46th Greek Team Championship"]
[Site "chess24.com"]
[Date "2018.07.15"]
[Round "7"]
[White "Georgiadis, Ioannis"]
[Black "Pavlidis, Anastasios"]
[Result "1/2-1/2"]
[Board "3"]
[WhiteElo "2465"]
[WhiteTitle "IM"]
[WhiteCountry "GRE"]
[WhiteFideId "4208900"]
[WhiteEloChange "-1"]
[BlackElo "2362"]
[BlackTitle "IM"]
[BlackCountry "GRE"]
[BlackFideId "4208404"]
[BlackEloChange "3"]

1. e4 {[%clk 1:25:18]} c5 {[%clk 1:30:43]} 2. Nf3 {[%clk 1:25:39]} d6 {[%clk
1:31:03]} 3. Bb5+ {[%clk 1:25:25]} Nc6 {[%clk 1:31:22]} 4. O-O {[%clk 1:25:26]}
Bd7 {[%clk 1:31:44]} 5. Re1 {[%clk 1:24:59]} Nf6 {[%clk 1:31:41]} 6. c3 {[%clk
1:25:05]} a6 {[%clk 1:31:52]} 7. Bf1 {[%clk 1:23:22]} e5 {[%clk 1:24:43]} 8. h3
{[%clk 1:22:01]} Be7 {[%clk 1:22:33]} 9. d4 {[%clk 1:19:46]} Qc7 {[%clk 1:22:55]}
10. d5 {[%clk 1:16:45]} Na5 {[%clk 1:21:13]} 11. b4 {[%clk 1:04:38]} cxb4 {[%clk
1:21:22]} 12. cxb4 {[%clk 1:05:05]} Nc4 {[%clk 1:21:24]} 13. Nbd2 {[%clk
1:02:26]} Nxd2 {[%clk 1:17:22]} 14. Bxd2 {[%clk 1:01:34]} b5 {[%clk 1:17:32]} 15.
Bd3 {[%clk 0:55:00]} O-O {[%clk 1:16:37]} 16. Qe2 {[%clk 0:52:30]} Qb7 {[%clk
1:15:10]} 17. Rec1 {[%clk 0:43:53]} Bd8 {[%clk 1:06:11]} 18. Rab1 {[%clk
0:42:30]} Ne8 {[%clk 1:05:27]} 19. Nh2 {[%clk 0:38:21]} g6 {[%clk 1:01:18]} 20.
Bh6 {[%clk 0:34:53]} Ng7 {[%clk 1:00:49]} 21. f4 {[%clk 0:34:29]} Bb6+ {[%clk
0:56:47]} 22. Kh1 {[%clk 0:34:09]} Nh5 {[%clk 0:53:39]} 23. Qf3 {[%clk 0:32:45]}
exf4 {[%clk 0:52:16]} 24. Bxf4 {[%clk 0:25:33]} f5 {[%clk 0:51:26]} 25. exf5
{[%clk 0:25:01]} Bxf5 {[%clk 0:51:19]} 26. Bxd6 {[%clk 0:24:13]} Be6 {[%clk
0:47:01]} 27. Qe2 {[%clk 0:16:04]} Qxd5 {[%clk 0:46:14]} 28. Qe5 {[%clk 0:15:54]}
Rad8 {[%clk 0:35:15]} 29. Ng4 {[%clk 0:09:35]} Qxe5 {[%clk 0:34:12]} 30. Bxe5
{[%clk 0:10:02]} Bxg4 {[%clk 0:30:37]} 31. hxg4 {[%clk 0:10:25]} Rxd3 {[%clk
0:30:02]} 32. gxh5 {[%clk 0:10:38]} Rd5 {[%clk 0:29:15]} 33. Rc6 {[%clk 0:04:08]}
Be3 {[%clk 0:28:19]} 34. Re6 {[%clk 0:03:38]} Kf7 {[%clk 0:21:27]} 35. Rf6+
{[%clk 0:03:40]} Ke7 {[%clk 0:21:52]} 36. Rxf8 {[%clk 0:03:51]} Kxf8 {[%clk
0:22:17]} 37. Rf1+ {[%clk 0:03:45]} Kg8 {[%clk 0:22:43]} 38. Bh2 {[%clk 0:04:04]}
Rxh5 {[%clk 0:22:41]} 39. Rf3 {[%clk 0:03:29]} Bd4 {[%clk 0:22:58]} 40. Rd3
{[%clk 0:30:45]} Rh4 {[%clk 0:50:17]} 41. g3 {[%clk 0:10:00]} Re4 {[%clk
0:50:39]} 42. Ra3 {[%clk 0:09:58]} Re6 {[%clk 0:50:48]} 43. Rd3 {[%clk 0:09:11]}
Bb6 {[%clk 0:47:39]} 44. Ra3 {[%clk 0:05:23]} Bf2 {[%clk 0:48:01]} 45. Rd3 {[%clk
0:03:04]} h5 {[%clk 0:41:00]} 46. Kg2 {[%clk 0:02:23]} Be1 {[%clk 0:36:23]} 47.
a3 {[%clk 0:02:45]} Re2+ {[%clk 0:36:16]} 48. Kh1 {[%clk 0:01:37]} Kf7 {[%clk
0:35:13]} 49. Bg1 {[%clk 0:00:51]} Ke6 {[%clk 0:35:07]} 50. Bb6 {[%clk 0:00:54]}
Bf2 {[%clk 0:34:17]} 51. Bc7 {[%clk 0:00:58]} Be3 {[%clk 0:34:28]} 52. g4 {[%clk
0:00:44]} hxg4 {[%clk 0:33:33]} 53. Rd6+ {[%clk 0:01:04]} Kf5 {[%clk 0:33:19]}
54. Rxa6 {[%clk 0:01:29]} Bf4 {[%clk 0:30:40]} 55. Rc6 {[%clk 0:00:50]} Bxc7
{[%clk 0:26:46]} 56. Rxc7 {[%clk 0:01:17]} g3 {[%clk 0:24:31]} 57. Kg1 {[%clk
0:00:37]} Kg4 {[%clk 0:24:48]} 58. Rc8 {[%clk 0:00:36]} Ra2 {[%clk 0:24:38]} 59.
Ra8 {[%clk 0:01:03]} g5 {[%clk 0:22:09]} 60. Ra7 {[%clk 0:01:28]} g2 {[%clk
0:21:37]} 61. Kh2 {[%clk 0:01:42]} g1Q+ {[%clk 0:15:38]} 62. Kxg1 {[%clk
0:02:10]} Kg3 {[%clk 0:16:02]} 63. Kf1 {[%clk 0:02:30]} g4 {[%clk 0:16:22]} 64.
Rb7 {[%clk 0:02:32]} Ra1+ {[%clk 0:15:03]} 65. Ke2 {[%clk 0:02:58]} Kh2 {[%clk
0:15:07]} 66. Rxb5 {[%clk 0:03:03]} g3 {[%clk 0:15:32]} 67. Rh5+ {[%clk 0:03:06]}
Kg1 {[%clk 0:15:55]} 68. Kd3 {[%clk 0:02:30]} g2 {[%clk 0:12:18]} 69. b5 {[%clk
0:01:54]} Rxa3+ {[%clk 0:11:59]} 70. Kc4 {[%clk 0:02:20]} Rg3 {[%clk 0:08:53]}
71. Rd5 {[%clk 0:02:29]} Kf2 {[%clk 0:08:44]} 72. Rd1 {[%clk 0:02:52]} g1Q {[%clk
0:08:09]} 73. Rxg1 {[%clk 0:03:18]} Rxg1 {[%clk 0:08:30]} 74. b6 {[%clk 0:03:34]}
Ke3 {[%clk 0:08:37]} 75. Kc5 {[%clk 0:03:40]} Rg7 {[%clk 0:06:45]} 76. Kc6 {[%clk
0:04:02]} Kd4 {[%clk 0:06:40]} 77. b7 {[%clk 0:04:28]} Rxb7 {[%clk 0:06:28]}
1/2-1/2

[Event "46th Greek Team Championship"]
[Site "chess24.com"]
[Date "2018.07.15"]
[Round "7"]
[White "Kalyva, Kyriaki"]
[Black "Pasoglou, Nikoleta"]
[Result "1-0"]
[Board "7"]
[WhiteElo "1734"]
[WhiteCountry "GRE"]
[WhiteFideId "4271181"]
[WhiteEloChange "2"]
[BlackElo "1354"]
[BlackCountry "GRE"]
[BlackFideId "4265408"]
[BlackEloChange "-2"]

1. d4 {[%clk 1:30:57]} Nf6 {[%clk 1:28:39]} 2. c4 {[%clk 1:31:20]} e6 {[%clk
1:29:04]} 3. Nc3 {[%clk 1:31:45]} Bb4 {[%clk 1:29:29]} 4. e3 {[%clk 1:31:53]} O-O
{[%clk 1:29:51]} 5. Ne2 {[%clk 1:32:20]} Re8 {[%clk 1:30:04]} 6. a3 {[%clk
1:32:23]} Bf8 {[%clk 1:30:18]} 7. Nf4 {[%clk 1:29:44]} c5 {[%clk 1:23:44]} 8.
dxc5 {[%clk 1:25:24]} Bxc5 {[%clk 1:24:02]} 9. Bd3 {[%clk 1:16:18]} Nc6 {[%clk
1:15:53]} 10. b3 {[%clk 1:11:58]} b6 {[%clk 1:08:22]} 11. O-O {[%clk 1:07:50]}
Bb7 {[%clk 1:05:40]} 12. Bb2 {[%clk 1:06:09]} Be7 {[%clk 1:01:39]} 13. Bc2 {[%clk
1:00:43]} d6 {[%clk 0:44:08]} 14. Qe2 {[%clk 0:54:13]} a6 {[%clk 0:37:55]} 15.
Rad1 {[%clk 0:46:05]} Qc7 {[%clk 0:37:18]} 16. Rd2 {[%clk 0:33:18]} Ne5 {[%clk
0:29:14]} 17. Rfd1 {[%clk 0:30:07]} Ned7 {[%clk 0:26:04]} 18. Nd3 {[%clk
0:20:29]} Nc5 {[%clk 0:17:03]} 19. f3 {[%clk 0:19:16]} Nxd3 {[%clk 0:11:04]} 20.
Qxd3 {[%clk 0:19:36]} Rad8 {[%clk 0:10:37]} 21. Na4 {[%clk 0:16:41]} e5 {[%clk
0:09:33]} 22. e4 {[%clk 0:15:45]} Nd7 {[%clk 0:08:43]} 23. Nc3 {[%clk 0:15:01]}
Nc5 {[%clk 0:07:22]} 24. Qe3 {[%clk 0:14:51]} Ne6 {[%clk 0:06:00]} 25. Qf2 {[%clk
0:09:09]} d5 {[%clk 0:03:53]} 26. b4 {[%clk 0:04:59]} dxc4 {[%clk 0:02:29]} 27.
Nd5 {[%clk 0:05:11]} Bxd5 {[%clk 0:02:45]} 28. exd5 {[%clk 0:05:36]} Nf4 {[%clk
0:01:56]} 29. Qe3 {[%clk 0:04:55]} Bg5 {[%clk 0:01:23]} 30. Qe4 {[%clk 0:04:56]}
Ng6 {[%clk 0:01:21]} 31. d6 {[%clk 0:05:03]} Qd7 {[%clk 0:01:06]} 32. Rd5 {[%clk
0:04:56]} b5 {[%clk 0:00:40]} 33. g3 {[%clk 0:05:09]} Bf6 {[%clk 0:00:50]} 34. h4
{[%clk 0:04:07]} Qh3 {[%clk 0:00:41]} 35. Qe1 {[%clk 0:01:57]} Qe6 {[%clk
0:00:38]} 36. a4 {[%clk 0:01:27]} Be7 {[%clk 0:00:36]} 37. d7 {[%clk 0:01:39]}
Rf8 {[%clk 0:00:39]} 38. h5 {[%clk 0:02:05]} Qh3 {[%clk 0:00:34]} 39. hxg6 {[%clk
0:02:18]} Bxb4 {[%clk 0:00:40]} 40. Qxe5 {[%clk 0:32:35]} hxg6 {[%clk 0:30:34]}
41. Qxg7# {[%clk 0:32:57]} 1-0

[Event "46th Greek Team Championship"]
[Site "chess24.com"]
[Date "2018.07.15"]
[Round "7"]
[White "Firat, Burak"]
[Black "Saric, Ivan"]
[Result "0-1"]
[Board "1"]
[WhiteElo "2452"]
[WhiteTitle "GM"]
[WhiteCountry "TUR"]
[WhiteFideId "6305881"]
[WhiteEloChange "-2"]
[BlackElo "2689"]
[BlackTitle "GM"]
[BlackCountry "CRO"]
[BlackFideId "14508150"]
[BlackEloChange "2"]

1. e4 {[%clk 1:27:25]} g6 {[%clk 1:30:19]} 2. d4 {[%clk 1:24:14]} Bg7 {[%clk
1:30:42]} 3. Nc3 {[%clk 1:21:30]} c6 {[%clk 1:31:07]} 4. Be3 {[%clk 1:15:27]} d5
{[%clk 1:31:02]} 5. Qd2 {[%clk 1:15:38]} dxe4 {[%clk 1:22:12]} 6. Nxe4 {[%clk
1:16:05]} Nd7 {[%clk 1:22:13]} 7. O-O-O {[%clk 1:03:29]} Ngf6 {[%clk 1:22:13]} 8.
f3 {[%clk 1:02:58]} O-O {[%clk 1:21:52]} 9. Bh6 {[%clk 1:00:32]} e5 {[%clk
1:15:06]} 10. Bxg7 {[%clk 0:53:13]} Kxg7 {[%clk 1:15:29]} 11. dxe5 {[%clk
0:53:23]} Nxe4 {[%clk 1:15:54]} 12. fxe4 {[%clk 0:53:19]} Qe7 {[%clk 1:15:42]}
13. Nf3 {[%clk 0:53:38]} Nxe5 {[%clk 1:15:16]} 14. Qc3 {[%clk 0:52:33]} f6 {[%clk
1:04:25]} 15. Nxe5 {[%clk 0:42:51]} Qxe5 {[%clk 1:01:32]} 16. Qxe5 {[%clk
0:43:04]} fxe5 {[%clk 1:01:59]} 17. Bc4 {[%clk 0:42:07]} Bg4 {[%clk 1:01:55]} 18.
Rd2 {[%clk 0:40:32]} Rae8 {[%clk 0:57:50]} 19. b4 {[%clk 0:31:53]} h5 {[%clk
0:53:28]} 20. a4 {[%clk 0:31:20]} Rf4 {[%clk 0:44:57]} 21. Re1 {[%clk 0:31:06]}
Ref8 {[%clk 0:45:04]} 22. Re3 {[%clk 0:22:43]} Rf2 {[%clk 0:43:37]} 23. h3 {[%clk
0:22:02]} Bc8 {[%clk 0:42:20]} 24. Rxf2 {[%clk 0:21:58]} Rxf2 {[%clk 0:42:45]}
25. Re2 {[%clk 0:22:23]} Rf1+ {[%clk 0:38:32]} 26. Kd2 {[%clk 0:18:47]} Kh6
{[%clk 0:31:51]} 27. Re1 {[%clk 0:18:36]} Rxe1 {[%clk 0:25:33]} 28. Kxe1 {[%clk
0:19:04]} Kg5 {[%clk 0:25:52]} 29. Bf7 {[%clk 0:19:19]} h4 {[%clk 0:25:59]} 30.
Kf2 {[%clk 0:19:12]} Kf4 {[%clk 0:22:55]} 31. Bxg6 {[%clk 0:19:33]} b6 {[%clk
0:23:18]} 32. a5 {[%clk 0:08:30]} bxa5 {[%clk 0:23:12]} 33. bxa5 {[%clk 0:08:57]}
c5 {[%clk 0:22:40]} 34. Bf7 {[%clk 0:08:46]} Bd7 {[%clk 0:20:35]} 35. Bd5 {[%clk
0:03:35]} Ba4 {[%clk 0:20:39]} 36. Bb3 {[%clk 0:04:02]} Bxb3 {[%clk 0:14:04]} 37.
cxb3 {[%clk 0:04:31]} Kxe4 {[%clk 0:14:28]} 38. g4 {[%clk 0:04:52]} hxg3+ {[%clk
0:14:53]} 39. Kxg3 {[%clk 0:05:18]} Kd3 {[%clk 0:15:13]} 40. Kf2 {[%clk 0:35:33]}
e4 {[%clk 0:44:57]} 41. Ke1 {[%clk 0:30:36]} Kc3 {[%clk 0:45:23]} 42. h4 {[%clk
0:30:27]} Kxb3 {[%clk 0:45:49]} 43. h5 {[%clk 0:19:43]} c4 {[%clk 0:46:14]} 44.
h6 {[%clk 0:19:37]} c3 {[%clk 0:46:41]} 45. h7 {[%clk 0:16:26]} c2 {[%clk
0:47:08]} 46. h8Q {[%clk 0:16:06]} c1Q+ {[%clk 0:47:32]} 47. Ke2 {[%clk 0:15:37]}
Qc4+ {[%clk 0:46:03]} 48. Ke1 {[%clk 0:12:14]} Qb4+ {[%clk 0:46:13]} 49. Kd1
{[%clk 0:11:22]} Qxa5 {[%clk 0:43:56]} 50. Qd4 {[%clk 0:08:49]} Qa4 {[%clk
0:39:56]} 51. Qe5 {[%clk 0:09:09]} a5 {[%clk 0:39:17]} 52. Kd2 {[%clk 0:07:15]}
Qb4+ {[%clk 0:39:04]} 53. Kd1 {[%clk 0:07:43]} a4 {[%clk 0:38:28]} 54. Qe6+
{[%clk 0:04:10]} Ka3 {[%clk 0:38:27]} 55. Qe8 {[%clk 0:03:15]} e3 {[%clk
0:35:12]} 0-1

[Event "46th Greek Team Championship"]
[Site "chess24.com"]
[Date "2018.07.15"]
[Round "7"]
[White "Stefanou, Dimitrios"]
[Black "Trapalis, Theodoros"]
[Result "0-1"]
[Board "10"]
[WhiteElo "1824"]
[WhiteCountry "GRE"]
[WhiteFideId "25825011"]
[WhiteEloChange "-18"]
[BlackElo "1386"]
[BlackCountry "GRE"]
[BlackFideId "25854690"]
[BlackEloChange "18"]

1. Nf3 {[%clk 1:30:50]} Nf6 {[%clk 1:30:47]} 2. d4 {[%clk 1:30:42]} e6 {[%clk
1:30:43]} 3. c4 {[%clk 1:30:48]} b6 {[%clk 1:30:18]} 4. a3 {[%clk 1:29:12]} Bb7
{[%clk 1:28:38]} 5. Nc3 {[%clk 1:28:42]} Be7 {[%clk 1:28:15]} 6. Bg5 {[%clk
1:27:49]} O-O {[%clk 1:23:55]} 7. e3 {[%clk 1:26:55]} d6 {[%clk 1:21:25]} 8. Bd3
{[%clk 1:25:19]} Nbd7 {[%clk 1:19:49]} 9. O-O {[%clk 1:16:24]} c5 {[%clk
1:13:53]} 10. Qe2 {[%clk 1:04:13]} h6 {[%clk 1:07:04]} 11. Bh4 {[%clk 1:02:14]}
Rc8 {[%clk 1:03:30]} 12. Rad1 {[%clk 0:55:37]} Re8 {[%clk 0:53:39]} 13. Rfe1
{[%clk 0:52:19]} d5 {[%clk 0:41:01]} 14. cxd5 {[%clk 0:46:46]} Nxd5 {[%clk
0:37:52]} 15. Bxe7 {[%clk 0:45:51]} Qxe7 {[%clk 0:37:07]} 16. Nxd5 {[%clk
0:45:11]} Bxd5 {[%clk 0:34:47]} 17. e4 {[%clk 0:42:52]} Bb7 {[%clk 0:29:08]} 18.
Bb5 {[%clk 0:39:35]} Red8 {[%clk 0:26:36]} 19. Ba6 {[%clk 0:31:10]} Bxa6 {[%clk
0:19:41]} 20. Qxa6 {[%clk 0:31:32]} Nf6 {[%clk 0:19:14]} 21. dxc5 {[%clk
0:28:05]} bxc5 {[%clk 0:12:01]} 22. g3 {[%clk 0:20:12]} Qc7 {[%clk 0:09:02]} 23.
Rxd8+ {[%clk 0:18:38]} Rxd8 {[%clk 0:09:26]} 24. Qc4 {[%clk 0:17:32]} Qb6 {[%clk
0:04:33]} 25. Re2 {[%clk 0:15:55]} a5 {[%clk 0:02:51]} 26. Kg2 {[%clk 0:15:21]}
Ne8 {[%clk 0:00:37]} 27. e5 {[%clk 0:14:20]} Nc7 {[%clk 0:00:39]} 28. Qe4 {[%clk
0:13:39]} Nd5 {[%clk 0:00:35]} 29. h4 {[%clk 0:13:09]} Qb3 {[%clk 0:00:36]} 30.
g4 {[%clk 0:12:30]} c4 {[%clk 0:00:39]} 31. g5 {[%clk 0:09:34]} hxg5 {[%clk
0:00:36]} 32. Nxg5 {[%clk 0:09:39]} Qd3 {[%clk 0:00:43]} 33. Qg4 {[%clk 0:08:55]}
c3 {[%clk 0:00:34]} 34. Re4 {[%clk 0:07:16]} c2 {[%clk 0:00:36]} 35. Re1 {[%clk
0:05:43]} Qd2 {[%clk 0:00:37]} 36. Qf3 {[%clk 0:03:05]} Nf4+ {[%clk 0:00:49]} 37.
Kg3 {[%clk 0:03:15]} Qxe1 {[%clk 0:00:37]} 38. Qxf4 {[%clk 0:03:31]} Rf8 {[%clk
0:00:35]} 39. Ne4 {[%clk 0:02:42]} c1Q {[%clk 0:00:43]} 40. Nf6+ {[%clk 0:32:58]}
gxf6 {[%clk 0:30:50]} 41. Qg4+ {[%clk 0:33:18]} Kh7 {[%clk 0:30:55]} 42. Qh5+
{[%clk 0:33:36]} Qh6 {[%clk 0:31:18]} 0-1

[Event "46th Greek Team Championship"]
[Site "chess24.com"]
[Date "2018.07.15"]
[Round "7"]
[White "Liodakis, Konstantinos-Spyros"]
[Black "Poulopoulos, Ioannis"]
[Result "1/2-1/2"]
[Board "4"]
[WhiteElo "2183"]
[WhiteCountry "GRE"]
[WhiteFideId "4217136"]
[WhiteEloChange "2"]
[BlackElo "2268"]
[BlackCountry "GRE"]
[BlackFideId "4218078"]
[BlackEloChange "-2"]

1. e4 {[%clk 1:30:58]} e5 {[%clk 1:30:33]} 2. Nf3 {[%clk 1:30:55]} Nc6 {[%clk
1:30:32]} 3. Nc3 {[%clk 1:30:46]} Nf6 {[%clk 1:30:07]} 4. Bb5 {[%clk 1:31:12]}
Bd6 {[%clk 1:29:40]} 5. d3 {[%clk 1:30:22]} h6 {[%clk 1:26:03]} 6. O-O {[%clk
1:30:15]} O-O {[%clk 1:25:25]} 7. a3 {[%clk 1:28:00]} Ne7 {[%clk 1:25:15]} 8. d4
{[%clk 1:25:28]} Ng6 {[%clk 1:21:33]} 9. Nxe5 {[%clk 1:25:39]} Nxe5 {[%clk
1:14:03]} 10. f4 {[%clk 1:25:45]} Nc6 {[%clk 1:08:12]} 11. e5 {[%clk 1:24:09]}
Ne8 {[%clk 1:04:28]} 12. exd6 {[%clk 1:24:17]} Nxd6 {[%clk 1:04:53]} 13. Bd3
{[%clk 1:24:36]} Qf6 {[%clk 0:55:50]} 14. Nd5 {[%clk 1:20:53]} Qh4 {[%clk
0:44:57]} 15. Nxc7 {[%clk 1:16:40]} Rb8 {[%clk 0:45:23]} 16. Be3 {[%clk 1:16:00]}
Ne7 {[%clk 0:43:31]} 17. f5 {[%clk 1:14:32]} Qf6 {[%clk 0:42:19]} 18. Qf3 {[%clk
1:12:57]} b5 {[%clk 0:31:27]} 19. Nd5 {[%clk 1:13:01]} Nxd5 {[%clk 0:31:51]} 20.
Qxd5 {[%clk 1:13:28]} Nc4 {[%clk 0:28:03]} 21. Bf4 {[%clk 1:05:24]} Rb6 {[%clk
0:24:32]} 22. Bxc4 {[%clk 0:59:17]} bxc4 {[%clk 0:24:33]} 23. Be5 {[%clk
0:57:44]} Qg5 {[%clk 0:24:09]} 24. Rf2 {[%clk 0:57:57]} Ba6 {[%clk 0:20:31]} 25.
Qxd7 {[%clk 0:55:08]} Bb7 {[%clk 0:14:09]} 26. c3 {[%clk 0:53:07]} Qe3 {[%clk
0:13:03]} 27. Qa4 {[%clk 0:50:07]} Rxb2 {[%clk 0:11:44]} 28. Rf1 {[%clk 0:48:34]}
Rxf2 {[%clk 0:08:05]} 29. Rxf2 {[%clk 0:49:03]} Qc1+ {[%clk 0:08:25]} 30. Rf1
{[%clk 0:49:25]} Qe3+ {[%clk 0:08:52]} 31. Rf2 {[%clk 0:49:50]} Qe1+ {[%clk
0:09:20]} 32. Rf1 {[%clk 0:50:12]} Qe3+ {[%clk 0:08:46]} 33. Rf2 {[%clk 0:50:12]}
1/2-1/2

[Event "46th Greek Team Championship"]
[Site "chess24.com"]
[Date "2018.07.15"]
[Round "7"]
[White "Petrakis, Ilias"]
[Black "Vragoteris, Antonios"]
[Result "1/2-1/2"]
[Board "4"]
[WhiteElo "2118"]
[WhiteCountry "GRE"]
[WhiteFideId "4208323"]
[WhiteEloChange "1"]
[BlackElo "2160"]
[BlackTitle "FM"]
[BlackCountry "GRE"]
[BlackFideId "4200110"]
[BlackEloChange "-1"]

1. e4 {[%clk 1:30:57]} c5 {[%clk 1:09:17]} 2. Nf3 {[%clk 1:28:51]} Nc6 {[%clk
1:09:34]} 3. Bb5 {[%clk 1:29:12]} g6 {[%clk 1:09:47]} 4. c3 {[%clk 1:28:06]} Nf6
{[%clk 1:07:13]} 5. e5 {[%clk 1:26:07]} Nd5 {[%clk 1:07:23]} 6. O-O {[%clk
1:25:48]} Bg7 {[%clk 1:07:36]} 7. d4 {[%clk 1:25:54]} cxd4 {[%clk 1:06:22]} 8.
cxd4 {[%clk 1:26:11]} O-O {[%clk 1:05:50]} 9. Nc3 {[%clk 1:26:05]} Nxc3 {[%clk
1:05:49]} 10. bxc3 {[%clk 1:26:28]} d6 {[%clk 1:05:50]} 11. Re1 {[%clk 1:24:10]}
Bg4 {[%clk 0:50:12]} 12. h3 {[%clk 1:22:59]} Bxf3 {[%clk 0:49:22]} 13. Qxf3
{[%clk 1:23:23]} dxe5 {[%clk 0:49:27]} 14. Bxc6 {[%clk 1:23:12]} bxc6 {[%clk
0:49:27]} 15. dxe5 {[%clk 1:23:26]} Qd5 {[%clk 0:46:28]} 16. Qe2 {[%clk 1:15:54]}
Rfd8 {[%clk 0:41:38]} 17. Ba3 {[%clk 1:09:45]} Qe6 {[%clk 0:40:29]} 18. Rad1
{[%clk 0:59:01]} Rxd1 {[%clk 0:22:02]} 19. Rxd1 {[%clk 0:59:17]} f6 {[%clk
0:10:42]} 20. Qg4 {[%clk 0:45:02]} Kf7 {[%clk 0:06:25]} 21. exf6 {[%clk 0:43:47]}
Bxf6 {[%clk 0:06:08]} 22. Qxe6+ {[%clk 0:36:21]} Kxe6 {[%clk 0:06:31]} 23. c4
{[%clk 0:32:55]} Rb8 {[%clk 0:06:10]} 24. Bc5 {[%clk 0:29:30]} Rb2 {[%clk
0:06:18]} 25. Bxa7 {[%clk 0:29:21]} Rxa2 {[%clk 0:06:35]} 26. Be3 {[%clk
0:26:02]} Rc2 {[%clk 0:04:24]} 27. c5 {[%clk 0:24:54]} Bb2 {[%clk 0:03:12]} 28.
Rd8 {[%clk 0:17:19]} Bc1 {[%clk 0:02:20]} 29. Rd3 {[%clk 0:13:10]} Bxe3 {[%clk
0:01:24]} 30. Rxe3+ {[%clk 0:13:36]} Kf6 {[%clk 0:01:46]} 31. Rf3+ {[%clk
0:13:02]} Kg7 {[%clk 0:01:29]} 32. Re3 {[%clk 0:13:24]} Kf7 {[%clk 0:01:37]} 33.
Re5 {[%clk 0:13:42]} Kf6 {[%clk 0:01:34]} 34. f4 {[%clk 0:13:23]} h6 {[%clk
0:01:30]} 35. h4 {[%clk 0:11:02]} Rc4 {[%clk 0:01:41]} 36. g3 {[%clk 0:11:19]}
Rc2 {[%clk 0:02:07]} 37. Kf1 {[%clk 0:11:17]} h5 {[%clk 0:01:35]} 38. Ke1 {[%clk
0:11:23]} e6 {[%clk 0:01:20]} 39. Kd1 {[%clk 0:10:34]} Rc3 {[%clk 0:01:33]} 40.
Rg5 {[%clk 0:40:50]} Rd3+ {[%clk 0:31:13]} 41. Kc2 {[%clk 0:37:33]} Rd5 {[%clk
0:20:21]} 42. Kc3 {[%clk 0:37:50]} Rxg5 {[%clk 0:17:25]} 43. fxg5+ {[%clk
0:34:51]} Kf5 {[%clk 0:11:31]} 44. Kd4 {[%clk 0:34:36]} e5+ {[%clk 0:10:46]} 45.
Ke3 {[%clk 0:34:50]} Kg4 {[%clk 0:06:55]} 46. Ke4 {[%clk 0:35:13]} Kxg3 {[%clk
0:07:11]} 47. Kxe5 {[%clk 0:35:38]} Kxh4 {[%clk 0:07:34]} 48. Kf6 {[%clk
0:36:06]} Kg4 {[%clk 0:06:59]} 49. Kxg6 {[%clk 0:36:31]} h4 {[%clk 0:07:25]} 50.
Kf6 {[%clk 0:36:53]} h3 {[%clk 0:07:50]} 51. g6 {[%clk 0:36:37]} h2 {[%clk
0:07:50]} 52. g7 {[%clk 0:37:03]} h1Q {[%clk 0:06:49]} 53. g8Q+ {[%clk 0:37:22]}
Kf4 {[%clk 0:03:58]} 1/2-1/2

[Event "46th Greek Team Championship"]
[Site "chess24.com"]
[Date "2018.07.15"]
[Round "7"]
[White "Warmerdam, Max"]
[Black "Nikolov, Momchil"]
[Result "1/2-1/2"]
[Board "1"]
[WhiteElo "2424"]
[WhiteTitle "FM"]
[WhiteCountry "NED"]
[WhiteFideId "1048104"]
[WhiteEloChange "2"]
[BlackElo "2551"]
[BlackTitle "GM"]
[BlackCountry "FID"]
[BlackFideId "2905710"]
[BlackEloChange "-2"]

1. e4 {[%clk 1:30:57]} c6 {[%clk 1:30:34]} 2. d4 {[%clk 1:31:13]} d5 {[%clk
1:30:57]} 3. e5 {[%clk 1:31:39]} Bf5 {[%clk 1:31:15]} 4. Nf3 {[%clk 1:32:04]} e6
{[%clk 1:31:31]} 5. Be2 {[%clk 1:32:29]} c5 {[%clk 1:31:52]} 6. Be3 {[%clk
1:32:55]} cxd4 {[%clk 1:32:11]} 7. Nxd4 {[%clk 1:33:20]} Ne7 {[%clk 1:32:32]} 8.
O-O {[%clk 1:33:45]} Nbc6 {[%clk 1:32:00]} 9. Bb5 {[%clk 1:34:09]} a6 {[%clk
1:31:39]} 10. Bxc6+ {[%clk 1:34:34]} Nxc6 {[%clk 1:31:33]} 11. Nxf5 {[%clk
1:32:57]} exf5 {[%clk 1:31:55]} 12. f4 {[%clk 1:30:48]} Qd7 {[%clk 1:16:30]} 13.
Nd2 {[%clk 1:29:55]} d4 {[%clk 1:00:30]} 14. Bf2 {[%clk 1:30:16]} Bc5 {[%clk
1:00:46]} 15. Nb3 {[%clk 1:20:24]} Ba7 {[%clk 1:01:05]} 16. Qe2 {[%clk 1:13:50]}
Qe6 {[%clk 0:55:47]} 17. Rfd1 {[%clk 1:13:55]} O-O-O {[%clk 0:55:12]} 18. c3
{[%clk 0:52:47]} dxc3 {[%clk 0:48:29]} 19. Bxa7 {[%clk 0:51:32]} Nxa7 {[%clk
0:47:46]} 20. Nd4 {[%clk 0:51:06]} Qb6 {[%clk 0:42:06]} 21. bxc3 {[%clk 0:51:25]}
g6 {[%clk 0:40:31]} 22. Qe3 {[%clk 0:48:35]} Qc7 {[%clk 0:24:55]} 23. Nxf5 {[%clk
0:48:04]} gxf5 {[%clk 0:25:06]} 24. Qxa7 {[%clk 0:48:29]} Qc6 {[%clk 0:24:56]}
25. Qe3 {[%clk 0:43:17]} Rhg8 {[%clk 0:23:53]} 26. g3 {[%clk 0:43:21]} h5 {[%clk
0:23:18]} 27. Rd4 {[%clk 0:32:07]} h4 {[%clk 0:21:36]} 28. Rad1 {[%clk 0:31:28]}
h3 {[%clk 0:20:16]} 29. Qd2 {[%clk 0:30:39]} Rxd4 {[%clk 0:16:05]} 30. cxd4
{[%clk 0:30:44]} Qd5 {[%clk 0:16:14]} 31. Rc1+ {[%clk 0:30:19]} Kb8 {[%clk
0:15:50]} 32. Rc5 {[%clk 0:30:33]} Qe4 {[%clk 0:09:51]} 33. d5 {[%clk 0:30:40]}
Rc8 {[%clk 0:08:45]} 34. Rxc8+ {[%clk 0:29:23]} Kxc8 {[%clk 0:09:14]} 35. d6
{[%clk 0:28:15]} Kd7 {[%clk 0:08:25]} 36. Kf2 {[%clk 0:27:00]} Qg2+ {[%clk
0:08:11]} 37. Ke3 {[%clk 0:27:24]} Qe4+ {[%clk 0:08:22]} 38. Kf2 {[%clk 0:27:48]}
1/2-1/2

[Event "46th Greek Team Championship"]
[Site "chess24.com"]
[Date "2018.07.15"]
[Round "7"]
[White "Markidis, Konstantinos"]
[Black "Tsanas, Athanasios"]
[Result "1/2-1/2"]
[Board "2"]
[WhiteElo "2329"]
[WhiteCountry "GRE"]
[WhiteFideId "4203500"]
[WhiteEloChange "-1"]
[BlackElo "2302"]
[BlackTitle "FM"]
[BlackCountry "GRE"]
[BlackFideId "4206061"]
[BlackEloChange "1"]

1. e4 {[%clk 1:30:52]} c5 {[%clk 1:30:49]} 2. Nf3 {[%clk 1:31:15]} d6 {[%clk
1:30:54]} 3. Bb5+ {[%clk 1:31:20]} Nd7 {[%clk 1:31:19]} 4. c3 {[%clk 1:31:09]}
Nf6 {[%clk 1:30:40]} 5. Bd3 {[%clk 1:30:54]} Ne5 {[%clk 1:20:24]} 6. Nxe5 {[%clk
1:30:15]} dxe5 {[%clk 1:20:50]} 7. Qe2 {[%clk 1:29:52]} g6 {[%clk 1:19:58]} 8.
Bc4 {[%clk 1:23:52]} Bg7 {[%clk 1:19:45]} 9. O-O {[%clk 1:23:36]} O-O {[%clk
1:20:10]} 10. d3 {[%clk 1:23:29]} Nh5 {[%clk 1:19:58]} 11. Be3 {[%clk 1:18:16]}
b6 {[%clk 1:06:34]} 12. a4 {[%clk 1:09:52]} Bb7 {[%clk 1:06:53]} 13. g3 {[%clk
0:54:47]} Qd7 {[%clk 0:59:20]} 14. Nd2 {[%clk 0:52:27]} h6 {[%clk 0:57:38]} 15.
Nf3 {[%clk 0:45:25]} Kh7 {[%clk 0:56:28]} 16. Nh4 {[%clk 0:43:26]} Qh3 {[%clk
0:51:53]} 17. f3 {[%clk 0:39:41]} Qd7 {[%clk 0:50:57]} 18. Ng2 {[%clk 0:33:34]}
f5 {[%clk 0:42:13]} 19. Bb5 {[%clk 0:25:47]} Qd6 {[%clk 0:39:45]} 20. Rad1 {[%clk
0:23:03]} Rad8 {[%clk 0:33:28]} 21. Bc1 {[%clk 0:20:56]} e6 {[%clk 0:29:37]} 22.
Bc4 {[%clk 0:18:42]} Qc6 {[%clk 0:29:52]} 23. Bb5 {[%clk 0:17:13]} Qd6 {[%clk
0:30:18]} 24. Bc4 {[%clk 0:16:53]} Qc6 {[%clk 0:30:02]} 25. Bb5 {[%clk 0:15:24]}
1/2-1/2